| 000 | 01424nam0a2200373 i 4500 | ||
|---|---|---|---|
| 001 | RU\NLR\BIBL_A\010984015 | ||
| 005 | 20260406015650.0 | ||
| 010 |
_a9785943015779 _9150 |
||
| 021 |
_aRU _b2016-7539 _9488 |
||
| 035 | _a(NILC)RuMoRGB-008133456 | ||
| 035 | _a(NLR Aleph) 010984015 | ||
| 090 |
_a10890539 _c10890539 |
||
| 100 | _a20160218d2015 u y0rusy50 ca | ||
| 101 | 0 |
_arus _deng |
|
| 102 | _aRU | ||
| 105 | _aa|||z|||000yy | ||
| 200 | 1 |
_aТеория объективного мистицизма _dTheory of objective mysticism _fД.В. Белик _zeng |
|
| 210 |
_aНовосибирск _cСибпринт _d2015 |
||
| 215 |
_a144 с. _cил. _d15 |
||
| 300 | _aРез. на англ. яз. | ||
| 300 | _aАвт. также на англ. яз.: D.V. Belik | ||
| 300 | _aВ вып. дан. авт.: Д.В. Белик, д.т.н. | ||
| 320 | _aБиблиогр.: с. 141-144 (27 назв.) | ||
| 510 | 1 |
_6z77790 _aTheory of objective mysticism _zeng |
|
| 606 | 1 |
_aДуша _92140379 _3RU\NLR\AUTH\661290123 |
|
| 675 | _a1/14 | ||
| 686 | 1 | _aЮ96 | |
| 700 | 1 |
_8rus _7ca _aБелик _bД. В. _f1950- _gДмитрий Васильевич _3RU\NLR\AUTH\77121140 _9104065 |
|
| 790 | 1 |
_8rus _7ba _aBelik _bD. V. _f1950- _gDmitrij Vasil'evič _3RU\NLR\AUTH\77121141 _9104066 |
|
| 801 | 0 |
_aRU _bРГБ _c20160203 _gRCR |
|
| 942 | _cBOOK | ||
| 980 | _aNBR | ||